| 000 | 00357nam a2200145Ia 4500 | ||
|---|---|---|---|
| 008 | 230917s9999||||xx |||||||||||||| ||und|| | ||
| 040 |
_e160362 _aMAIN |
||
| 041 | _aEnglish | ||
| 082 | _a338.4791 B469P | ||
| 100 | _aBhalla, Pankaj | ||
| 245 | 0 | _aPotential of tourism | |
| 260 |
_aNew Delhi _bSonali Publications _c2004 |
||
| 300 | _a121 p. | ||
| 942 | _cBK | ||
| 999 |
_c129470 _d129470 |
||